[Event "elllobregat Open-A 2019"]
[Site "El Prat de Llobregat"]
[Date "2019.12.11"]
[Round "9.8"]
[White "Narciso Dublan, Marc"]
[Black "Zanan, Evgeny"]
[Result "0-1"]
[WhiteElo "2516"]
[BlackElo "2493"]
[Annotator "TA"]
[PlyCount "142"]
[EventDate "2019.12.03"]
[EventType "swiss"]
[EventCountry "ESP"]
[SourceTitle "playchess.com"]
[Source "ChessBase"]
[SourceQuality "1"]

{[%evp 16,142,-14,-13,-7,-12,12,0,7,0,0,0,11,0,36,32,48,32,31,29,37,33,60,68,72,73,91,97,103,73,95,87,64,96,79,78,77,44,80,68,86,63,78,65,130,127,127,143,184,183,175,168,177,170,181,183,266,204,201,181,190,181,185,158,155,162,168,182,188,164,186,188,185,176,162,162,214,207,187,120,154,0,0,0,0,0,0,0,0,0,0,0,0,0,0,0,0,0,0,0,0,0,0,0,0,0,0,0,0,-1244,-760,-537,-84,-29942,-29942,-29940,0,-29978,-29979,-29980,-6982,-2046,-2616,-29977,0,-29983,-29984,-29984,-29982]} 1. e4 e5 2. Nf3 Nc6 3. Bb5 a6 4. Ba4 Nf6 5. Qe2 b5 6. Bb3 Bc5 7. d3 d6 8. c3 h6 9. Nbd2 O-O {C77: Ruy Lopez: 3...a6 4 Ba4 Nf6, unusual lines} 10. Nf1 Be6 11. Ng3 d5 {The position is equal.} 12. O-O Re8 13. Rd1 Bb6 14. h3 {[#]} d4 $146 ({Predecessor:} 14... Qd7 15. Bc2 d4 16. Nh4 Ne7 17. Qf3 {1-0 (73) Bortnyk,O (2581)-Jumabayev,R (2611) Doha 2016}) 15. Bxe6 fxe6 16. Bd2 Qd6 17. Rac1 Rf8 18. c4 Ne7 19. c5 Bxc5 {[#]} 20. Nxe5 $1 {[%mdl 512]} Bb6 (20... Qxe5 21. f4) 21. f4 c5 22. b3 Rac8 23. Rf1 Qd8 24. Nh5 Qe8 25. Nxf6+ Rxf6 26. Qe1 Kh7 27. Qg3 Rf8 28. h4 Nc6 29. Nf3 Qf7 (29... a5 $14) 30. Qh3 $16 Kg8 31. h5 Bc7 32. Rxc5 Bd6 33. Rcc1 {[%cal Bc5c1,Bc1a1,Ba1a6][%mdl 32]} Kh7 34. g3 a5 35. Qg4 a4 (35... Kg8 $142 36. Nh4 Ba3) 36. Nh4 axb3 37. axb3 Ba3 38. Ra1 Bb2 39. Ra6 Bc3 40. Bc1 Qb7 41. Ra3 Rf6 42. Ng6 (42. e5 Nxe5 43. Qd1 (43. fxe5 $2 Rxf1+ {[%mdl 64] Overworked Piece} 44. Kxf1 Qh1+ 45. Ke2 Qe1+ 46. Kf3 Qd1+ {[%mdl 64] Double Attack} 47. Kg2 Qxg4 $19) 43... Nd7 $11) 42... Nb4 43. Qe2 Na6 44. e5 Rf7 45. f5 $1 {[%cal Rf5e6]} exf5 (45... Bb4 $142) 46. e6 $18 Rf6 47. e7 (47. g4 $18 {Strongly threatening g5.} Bb4 48. Ra2) 47... Re8 {[#]} 48. Qe5 $2 (48. g4 $1 $16 {[%cal Rg4g5] Black must now prevent g5.} Bb4 49. Ra1 (49. gxf5 Bxe7 50. Ra1 Qd7 $15) (49. Rxf5 Rxf5 50. gxf5 Bxa3 $11)) 48... Nb4 $1 $11 {[%cal Rb4d3]} 49. Rxf5 Nxd3 {[%mdl 64] Double Attack} 50. Qd5 Qxd5 51. Rxd5 Rxg6 $1 ({Don't go for} 51... Nxc1 $2 52. Rd8 $18) 52. hxg6+ Kxg6 53. Ra6+ Kf7 54. Rf5+ Kxe7 55. Bf4 Nxf4 56. Re5+ Kf8 57. Rxe8+ $1 Kxe8 58. gxf4 {[%mdl 4096] Endgame KR-KB} d3 59. Kf2 b4 60. Rd6 d2 61. f5 Ke7 62. Rd5 $2 {[%mdl 8192]} (62. Re6+ $11 Kf7 63. Ke2) 62... Kf6 $19 63. Kf3 Kg5 {Hoping for ...h5.} 64. Kg3 $2 {[%mdl 8192]} (64. Ke2 $17) 64... h5 65. Kf2 Kg4 $2 (65... h4 66. Ke2 Kg4 67. f6 gxf6 68. Rd8 f5 69. Rg8+ Kf4 70. Rg6 h3 71. Rh6 Kg3 72. Rg6+ Kh2 73. Re6 f4 74. Rd6 Kg3 75. Rg6+ Kh4 76. Rh6+ Kg4 77. Rg6+ Kf5 78. Rg1 Bd4 79. Rh1 Kg4 80. Kxd2 f3 81. Kd3 Kg3 82. Rd1 Kg2 83. Kxd4 f2 84. Rd2 Kg1 85. Re2 f1=Q 86. Re6 Qf4+ 87. Kc5 Qf5+ 88. Kd6 Qf4+ 89. Ke7 Qh4+ 90. Kf7 h2 91. Rg6+ Kf2 92. Rf6+ Kg3 93. Rf1 h1=Q 94. Rxh1 Qxh1 95. Ke6 Qc6+ 96. Ke5 Kg4 97. Kd4 Kf4 98. Kd3 Qc3+ {[%mdl 64] Double Attack} 99. Ke2 Qc2+ 100. Kf1 Kf3 101. Kg1 Qg2#) 66. Kg2 $2 {[%mdl 8192]} (66. Ke2 $11 h4 67. f6 gxf6 68. Rd8) 66... h4 67. Kf2 Kf4 (67... h3 $142 68. Rd3 h2 69. Kg2 Kxf5 70. Rf3+ Ke4 71. Rf1 Kd3 72. Kf3 Kc2 73. Ke2 Bd4 74. Rd1 {[#]} Be3 $1 {[%mdl 512]} 75. Ra1 Bg1 76. Ra2+ Kxb3 77. Rxd2 h1=Q 78. Rd3+ Kc4 79. Rg3 b3 80. Rxg7 b2 81. Rg4+ Bd4 82. Rxd4+ {[%mdl 64] Remove Defender} Kxd4 83. Kf2 b1=Q 84. Kg3 Qbe4 85. Kf2 Qhg2#) 68. Ke2 Kg3 69. Kf1 Kg4 $2 (69... h3 {mates} 70. Rd3+ Kg4 71. f6 gxf6 72. Kf2 f5 73. Rd6 f4 74. Rd8 f3 75. Kg1 Kf5 76. Rd7 Ke4 77. Rd8 Bd4+ 78. Kh2 d1=Q 79. Re8+ Be5+ 80. Kxh3 f2 81. Kh4 f1=Q 82. Rxe5+ {[%mdl 64] Remove Defender} Kxe5 83. Kg3 Qf4+ 84. Kh3 Qh1#) 70. Kg2 $2 {[%mdl 8192]} (70. Kf2 $11 h3 71. Kg1) 70... h3+ 71. Kh2 Kf3 {Accuracy: White = 61%, Black = 62%.} 0-1

[Event "elllobregat Open-A 2019"]
[Site "El Prat de Llobregat"]
[Date "2019.12.11"]
[Round "9.9"]
[White "Del Rio De Angelis, Salvador G."]
[Black "Raja Rithvik R"]
[Result "1/2-1/2"]
[WhiteElo "2507"]
[BlackElo "2381"]
[Annotator "ChessBase"]
[PlyCount "33"]
[EventDate "2019.12.03"]
[EventType "swiss"]
[EventCountry "ESP"]
[SourceTitle "playchess.com"]
[Source "ChessBase"]
[SourceQuality "1"]
[TimeControl "40/5400+30:1800+30"]

1. d4 {[%emt 0:00:00]} Nf6 {[%emt 0:00:00]} 2. c4 {[%emt 0:00:00]} e6 {[%emt 0:00:00]} 3. Nc3 {[%emt 0:00:19]} Bb4 {[%emt 0:00:03]} 4. e3 {[%emt 0:00:14]} O-O {[%emt 0:00:12]} 5. Bd3 {[%emt 0:00:21]} d5 {[%emt 0:00:10]} 6. Nf3 {[%emt 0:00:18]} c5 {[%emt 0:00:13]} 7. O-O {[%emt 0:00:09]} cxd4 {[%emt 0:00:19]} 8. exd4 {[%emt 0:00:08]} dxc4 {[%emt 0:00:06]} 9. Bxc4 {[%emt 0:00:10]} b6 {[%emt 0:00:06]} 10. Qe2 {[%emt 0:00:29]} Bb7 {[%emt 0:00:13]} 11. Rd1 {[%emt 0:00:10]} Nbd7 {[%emt 0:01:06]} 12. d5 {[%emt 0:00:36]} exd5 {[%emt 0:06:13]} 13. Nxd5 {[%emt 0:02:15]} Nxd5 {[%emt 0:05:57]} 14. Bxd5 {[%emt 0:00:09]} Bxd5 {[%emt 0:00:14]} 15. Rxd5 {[%emt 0:00:08]} Qc7 {[%emt 0:00:25]} 16. Bg5 {[%emt 0:29:58]} Qc6 {[%emt 0:42:14]} 17. Rad1 {[%emt 0:11:41]} 1/2-1/2

[Event "elllobregat Open-A 2019"]
[Site "El Prat de Llobregat"]
[Date "2019.12.11"]
[Round "9.10"]
[White "Verstraeten, Rein"]
[Black "Arizmendi Martinez, Julen Luis"]
[Result "1/2-1/2"]
[WhiteElo "2365"]
[BlackElo "2511"]
[Annotator "ChessBase"]
[PlyCount "29"]
[EventDate "2019.12.03"]
[EventType "swiss"]
[EventCountry "ESP"]
[SourceTitle "playchess.com"]
[Source "ChessBase"]
[SourceQuality "1"]
[TimeControl "40/5400+30:1800+30"]

1. d4 {[%emt 0:18:39]} Nf6 {[%emt 0:00:00]} 2. c4 {[%emt 0:00:08]} d6 {[%emt 0:00:28]} 3. Nc3 {[%emt 0:00:39]} g6 {[%emt 0:01:23]} 4. e4 {[%emt 0:00:04]} Bg7 {[%emt 0:00:04]} 5. Bd3 {[%emt 0:00:06]} O-O {[%emt 0:01:45]} 6. Nge2 {[%emt 0:00:03]} Nc6 {[%emt 0:00:29]} 7. O-O {[%emt 0:00:10]} e5 {[%emt 0:02:31]} 8. d5 {[%emt 0:00:05]} Nd4 {[%emt 0:00:14]} 9. Bg5 {[%emt 0:00:07]} h6 {[%emt 0:01:12]} 10. Bd2 {[%emt 0:00:05]} Nd7 {[%emt 0:15:51]} 11. Be3 {[%emt 0:15:32]} c5 {[%emt 0:14:47]} 12. f3 {[%emt 0:01:04]} f5 {[%emt 0:21:59]} 13. exf5 {[%emt 0:00:32]} gxf5 14. Qd2 {[%emt 0:06:33]} Qh4 {[%emt 0:11:27]} 15. Kh1 {[%emt 0:02:14]} 1/2-1/2

[Event "elllobregat Open-A 2019"]
[Site "El Prat de Llobregat"]
[Date "2019.12.11"]
[Round "9.11"]
[White "Kjartansson, Gudmundur"]
[Black "Harsha Bharathakoti"]
[Result "1-0"]
[WhiteElo "2448"]
[BlackElo "2523"]
[Annotator "ChessBase"]
[PlyCount "67"]
[EventDate "2019.12.03"]
[EventType "swiss"]
[EventCountry "ESP"]
[SourceTitle "playchess.com"]
[Source "ChessBase"]
[SourceQuality "1"]
[TimeControl "40/5400+30:1800+30"]

1. c4 {[%emt 0:00:00]} e6 {[%emt 0:00:48]} 2. Nc3 {[%emt 0:00:00]} d5 {[%emt 0:00:04]} 3. d4 {[%emt 0:00:00]} Bb4 {[%emt 0:00:16]} 4. a3 {[%emt 0:00:22]} Bxc3+ {[%emt 0:00:08]} 5. bxc3 {[%emt 0:00:04]} Nf6 {[%emt 0:00:27]} 6. cxd5 {[%emt 0:02:39]} exd5 {[%emt 0:00:13]} 7. e3 {[%emt 0:00:07]} O-O {[%emt 0:02:12]} 8. Bd3 {[%emt 0:00:08]} c5 {[%emt 0:07:24]} 9. Ne2 {[%emt 0:00:16]} b6 {[%emt 0:00:32]} 10. O-O {[%emt 0:00:14]} Ba6 {[%emt 0:01:28]} 11. f3 {[%emt 0:02:18]} Bxd3 {[%emt 0:06:00]} 12. Qxd3 {[%emt 0:00:20]} Re8 {[%emt 0:00:04]} 13. Ng3 {[%emt 0:01:07]} Nc6 {[%emt 0:00:13]} 14. Bb2 {[%emt 0:01:43]} Rc8 {[%emt 0:13:29]} 15. Rae1 {[%emt 0:05:57]} Qd7 {[%emt 0:11:47]} 16. e4 {[%emt 0:06:30]} dxe4 {[%emt 0:12:40]} 17. fxe4 Ne5 {[%emt 0:00:30]} 18. Qd1 {[%emt 0:00:50]} Nc4 {[%emt 0:06:47]} 19. Bc1 {[%emt 0:00:39]} cxd4 {[%emt 0:00:04]} 20. cxd4 Rcd8 {[%emt 0:04:07]} 21. Nf5 {[%emt 0:21:14]} Kh8 {[%emt 0:10:41]} 22. Bg5 {[%emt 0:05:55]} Re6 {[%emt 0:07:21]} 23. Nxg7 {[%emt 0:29:07]} Kxg7 {[%emt 0:00:59]} 24. d5 {[%emt 0:00:07]} Qe7 {[%emt 0:08:17]} 25. Qa1 {[%emt 0:01:49]} Kg6 {[%emt 0:02:57]} 26. dxe6 {[%emt 0:11:24]} Kxg5 {[%emt 0:00:05]} 27. exf7 {[%emt 0:01:09]} Nd2 {[%emt 0:03:04]} 28. e5 {[%emt 0:02:43]} Ng4 {[%emt 0:00:50]} 29. e6 {[%emt 0:00:40]} Kg6 {[%emt 0:00:14]} 30. f8=Q {[%emt 0:04:06]} Rxf8 {[%emt 0:00:09]} 31. Rxf8 {[%emt 0:00:02]} Qc5+ {[%emt 0:01:08]} 32. Kh1 {[%emt 0:00:10]} Qxf8 {[%emt 0:00:00]} 33. e7 {[%emt 0:00:00]} Qe8 {[%emt 0:00:08]} 34. Qd4 {[%emt 0:00:30]} 1-0

[Event "elllobregat Open-A 2019"]
[Site "El Prat de Llobregat"]
[Date "2019.12.11"]
[Round "9.12"]
[White "Dhulipalla Bala Chandra Prasad"]
[Black "Girish, A. Koushik"]
[Result "1-0"]
[WhiteElo "2414"]
[BlackElo "2506"]
[Annotator "TA"]
[PlyCount "123"]
[EventDate "2019.12.03"]
[EventType "swiss"]
[EventCountry "ESP"]
[SourceTitle "playchess.com"]
[Source "ChessBase"]
[SourceQuality "1"]

{[%evp 19,145,0,5,0,0,0,0,0,11,16,0,1,26,0,0,5,16,16,11,17,22,0,35,42,59,24,107,102,130,101,103,91,102,91,82,37,29,29,111,113,200,186,175,168,247,163,150,147,232,229,209,204,207,188,390,397,381,381,377,300,299,299,292,290,337,329,334,337,316,329,410,402,402,402,404,342,342,342,342,342,342,336,322,327,302,261,261,261,277,277,277,277,510,479,672,503,784,503,1572,1519,1334,1368,1087,29949,29960,9394,2320,29965,29962,29963,29960,929,499,0,29959,10862,5616,4698,29976,29977,29985,29986,29986,29987,29987,29988,29990,29991]} 1. c4 e6 2. g3 d5 3. Nf3 Nf6 4. Bg2 Be7 5. O-O O-O 6. b3 c5 7. e3 Nc6 8. Bb2 d4 9. exd4 cxd4 10. Re1 Bc5 11. d3 {A14: English Opening: 1...e6 with b3 by White} Re8 12. Ne5 Nxe5 13. Rxe5 {The position is equal.} Nd7 (13... Qd6 14. Qe1 a5 15. Nd2 Ra7 16. a3 b6 17. h3 Bb7 18. Nf3 Ba8 19. Bc1 {½-½ (38) Almasi,Z (2682)-Navara,D (2733) Germany 2018}) 14. Re2 e5 15. Nd2 Nf6 16. Qe1 $146 ({Predecessor:} 16. a3 Bg4 17. Bf3 a5 18. Bxg4 Nxg4 {½-½ (33) Huemmler,T-Peet,W (1955) ICCF email 2014}) 16... Qc7 $1 17. Nf3 $36 {[%mdl 2048] And now b4 would win. White has the initiative.} Bg4 18. h3 Bxf3 19. Bxf3 a5 20. a3 Qd6 21. Bc1 h6 22. Bg2 Re7 {[#]} (22... Ra6 $11 {remains equal.}) 23. Bd2 $1 $16 Rae8 24. b4 Ba7 25. bxa5 e4 26. Bb4 ({Not} 26. dxe4 d3 $11) 26... Bc5 27. Bxc5 Qxc5 28. Qb4 Qc7 (28... Qh5 $11 29. g4 Qg5) 29. dxe4 d3 (29... Nxe4 $16 30. Rxe4 Rxe4) 30. Re3 Nxe4 31. Rxd3 Nc5 (31... Re5 {might work better.} 32. Rad1 Qxa5 33. Qxa5 Rxa5) 32. Rd2 Ra8 33. Rad1 Qxa5 (33... Ree8 $16 34. Qb6 Qxb6 35. axb6 Rxa3) 34. Rd5 $18 Qxb4 35. axb4 Ne6 36. Rd7 Rxd7 $2 (36... Kf8 37. R7d6 (37. Bxb7 Rb8 $16) (37. Rxb7 Rxb7 38. Bxb7 Rb8 $16) 37... h5) 37. Rxd7 {[%mdl 4096] Endgame KRB-KRN} Ra1+ 38. Kh2 b6 39. Rd6 Ra2 40. Kg1 ({Don't play} 40. Rxb6 $6 Rxf2 41. Kg1 Rb2 $18) 40... Ra1+ {[#]} 41. Bf1 $1 b5 42. cxb5 Rb1 43. b6 {Threatens to win with b5.} Rxb4 44. Bg2 Kf8 45. b7 Ke7 46. Rc6 Nf8 47. Rc8 Nd7 48. Bc6 Ne5 49. Re8+ Kd6 50. b8=Q+ Rxb8 51. Rxb8 Nxc6 {KR-KN} 52. Rh8 Ke7 53. Ra8 h5 54. Kg2 Nd4 55. Ra4 Ne6 $2 (55... Nf5 {was necessary.} 56. Kf3 Ke6) 56. Ra5 g6 (56... h4 $142 57. gxh4 Nd4) 57. Kf3 Kf6 (57... Nf8 $142 58. Ke4 Kd6 59. Ra6+ Ke7) 58. Ke3 Ng5 (58... Kg7 $142 59. g4 hxg4 60. hxg4 Kf6) 59. h4 Ne6 60. Ke4 Nc7 61. Rc5 Ne6 62. Rc8 {Played: Rc5-c6} 1-0

[Event "elllobregat Open-A 2019"]
[Site "El Prat de Llobregat"]
[Date "2019.12.11"]
[Round "9.13"]
[White "Movsziszian, Karen"]
[Black "Baenziger, Fabian"]
[Result "0-1"]
[WhiteElo "2476"]
[BlackElo "2398"]
[Annotator "ChessBase"]
[PlyCount "37"]
[EventDate "2019.12.03"]
[EventType "swiss"]
[EventCountry "ESP"]
[SourceTitle "playchess.com"]
[Source "ChessBase"]
[SourceQuality "1"]
[TimeControl "40/5400+30:1800+30"]

1. g3 {[%emt 0:00:00]} d5 {[%emt 0:00:00]} 2. Nf3 {[%emt 0:00:00]} g6 3. c4 {[%emt 0:04:15]} dxc4 {[%emt 0:00:31]} 4. Na3 {[%emt 0:01:57]} Bg7 {[%emt 0:00:30]} 5. Nxc4 {[%emt 0:00:12]} Nc6 6. Bg2 {[%emt 0:00:28]} e5 {[%emt 0:00:44]} 7. d3 {[%emt 0:01:18]} e4 {[%emt 0:03:16]} 8. dxe4 {[%emt 0:01:43]} Qxd1+ {[%emt 0:00:08]} 9. Kxd1 {[%emt 0:00:04]} Nf6 {[%emt 0:00:18]} 10. Ncd2 {[%emt 0:14:39]} h6 {[%emt 0:10:04]} 11. a3 Be6 {[%emt 0:01:33]} 12. Rb1 {[%emt 0:08:04]} Ba2 {[%emt 0:06:54]} 13. Ra1 {[%emt 0:00:02]} Be6 {[%emt 0:00:07]} 14. Ne1 {[%emt 0:01:11]} Ng4 {[%emt 0:05:34]} 15. Nd3 {[%emt 0:00:47]} O-O-O {[%emt 0:00:30]} 16. h3 {[%emt 0:14:21]} Rxd3 {[%emt 0:00:41]} 17. hxg4 Rd7 {[%emt 0:02:14]} 18. e3 {[%emt 0:03:48]} Rhd8 {[%emt 0:10:49]} 19. Kc2 {[%emt 0:01:11]} 0-1

[Event "elllobregat Open-A 2019"]
[Site "El Prat de Llobregat"]
[Date "2019.12.11"]
[Round "9.14"]
[White "Mendonca, Leon Luke"]
[Black "Karthik Venkataraman"]
[Result "1/2-1/2"]
[WhiteElo "2398"]
[BlackElo "2470"]
[Annotator "ChessBase"]
[PlyCount "82"]
[EventDate "2019.12.03"]
[EventType "swiss"]
[EventCountry "ESP"]
[SourceTitle "playchess.com"]
[Source "ChessBase"]
[SourceQuality "1"]
[TimeControl "40/5400+30:1800+30"]

1. d4 {[%emt 0:00:00]} Nf6 {[%emt 0:00:00]} 2. c4 {[%emt 0:00:00]} g6 {[%emt 0:00:00]} 3. Nc3 {[%emt 0:00:00]} d5 {[%emt 0:00:06]} 4. Nf3 {[%emt 0:00:23]} Bg7 {[%emt 0:00:05]} 5. cxd5 {[%emt 0:00:57]} Nxd5 {[%emt 0:00:06]} 6. e3 {[%emt 0:00:11]} O-O {[%emt 0:00:26]} 7. Bc4 {[%emt 0:00:21]} Nb6 {[%emt 0:00:31]} 8. Bb3 {[%emt 0:00:17]} c5 {[%emt 0:00:14]} 9. O-O {[%emt 0:01:45]} cxd4 {[%emt 0:00:23]} 10. exd4 {[%emt 0:00:19]} Nc6 {[%emt 0:00:07]} 11. d5 {[%emt 0:01:51]} Na5 {[%emt 0:00:06]} 12. Re1 {[%emt 0:03:25]} Bg4 {[%emt 0:02:34]} 13. h3 {[%emt 0:01:47]} Bxf3 {[%emt 0:13:05]} 14. Qxf3 {[%emt 0:00:09]} Re8 {[%emt 0:00:26]} 15. Be3 {[%emt 0:17:13]} Qd7 {[%emt 0:22:37]} 16. Rad1 {[%emt 0:12:36]} Nac4 {[%emt 0:04:43]} 17. Bxb6 {[%emt 0:09:25]} Nxb6 {[%emt 0:00:07]} 18. Ne4 {[%emt 0:02:13]} Rac8 19. Ng5 {[%emt 0:18:42]} Rf8 {[%emt 0:12:57]} 20. Qf4 {[%emt 0:00:54]} h6 {[%emt 0:03:01]} 21. Ne4 {[%emt 0:01:57]} a5 {[%emt 0:08:47]} 22. d6 {[%emt 0:08:44]} e6 {[%emt 0:07:17]} 23. Nf6+ {[%emt 0:02:17]} Bxf6 {[%emt 0:00:06]} 24. Qxf6 {[%emt 0:00:02]} Rfe8 {[%emt 0:00:11]} 25. Qd4 {[%emt 0:03:56]} Rc6 {[%emt 0:01:18]} 26. Rd3 {[%emt 0:00:56]} Rec8 {[%emt 0:06:24]} 27. Kh2 {[%emt 0:09:41]} Nd5 {[%emt 0:03:47]} 28. Bxd5 {[%emt 0:01:40]} Qxd6+ {[%emt 0:00:06]} 29. Qe5 {[%emt 0:00:57]} exd5 {[%emt 0:00:24]} 30. Rxd5 {[%emt 0:00:13]} Qxe5+ {[%emt 0:00:06]} 31. Rdxe5 {[%emt 0:00:05]} Rc2 {[%emt 0:00:24]} 32. R1e2 {[%emt 0:00:11]} a4 {[%emt 0:00:18]} 33. Kg3 {[%emt 0:00:23]} Rxe2 {[%emt 0:00:35]} 34. Rxe2 {[%emt 0:00:01]} Rc4 {[%emt 0:00:45]} 35. Kf3 {[%emt 0:00:27]} Kg7 {[%emt 0:02:22]} 36. Ke3 {[%emt 0:00:46]} a3 {[%emt 0:02:27]} 37. b3 {[%emt 0:02:52]} Rc1 {[%emt 0:00:06]} 38. Kd2 {[%emt 0:00:39]} Rb1 {[%emt 0:00:14]} 39. Kc2 {[%emt 0:00:34]} Rb2+ {[%emt 0:00:44]} 40. Kd3 {[%emt 0:00:00]} Rb1 {[%emt 0:00:00]} 41. Kc2 {[%emt 0:01:19]} Rb2+ {[%emt 0:00:18]} 1/2-1/2

[Event "elllobregat Open-A 2019"]
[Site "El Prat de Llobregat"]
[Date "2019.12.11"]
[Round "9.15"]
[White "Alsina Leal, Daniel"]
[Black "Krishna Teja, N."]
[Result "1/2-1/2"]
[WhiteElo "2462"]
[BlackElo "2383"]
[Annotator "ChessBase"]
[PlyCount "133"]
[EventDate "2019.12.03"]
[EventType "swiss"]
[EventCountry "ESP"]
[SourceTitle "playchess.com"]
[Source "ChessBase"]
[SourceQuality "1"]
[TimeControl "40/5400+30:1800+30"]

1. e4 {[%emt 0:00:00]} e5 {[%emt 0:03:49]} 2. Nf3 {[%emt 0:00:00]} Nc6 {[%emt 0:00:03]} 3. Bb5 {[%emt 0:00:00]} a6 {[%emt 0:00:04]} 4. Ba4 {[%emt 0:00:00]} Nf6 {[%emt 0:00:06]} 5. O-O {[%emt 0:00:20]} Be7 {[%emt 0:00:04]} 6. Re1 {[%emt 0:00:04]} b5 {[%emt 0:00:04]} 7. Bb3 {[%emt 0:00:04]} d6 {[%emt 0:00:06]} 8. c3 {[%emt 0:00:12]} O-O {[%emt 0:00:10]} 9. h3 {[%emt 0:00:13]} Nb8 {[%emt 0:00:14]} 10. d4 {[%emt 0:00:21]} Nbd7 {[%emt 0:00:05]} 11. Nbd2 {[%emt 0:00:17]} Bb7 {[%emt 0:00:13]} 12. Bc2 {[%emt 0:00:22]} Re8 {[%emt 0:02:47]} 13. Nf1 {[%emt 0:00:15]} Bf8 {[%emt 0:01:19]} 14. Ng3 {[%emt 0:00:29]} g6 {[%emt 0:00:06]} 15. a4 {[%emt 0:00:36]} Bg7 {[%emt 0:00:35]} 16. Bd3 {[%emt 0:02:00]} exd4 {[%emt 0:00:49]} 17. cxd4 {[%emt 0:02:01]} c5 {[%emt 0:00:07]} 18. axb5 {[%emt 0:09:59]} axb5 {[%emt 0:00:30]} 19. Rxa8 {[%emt 0:00:07]} Bxa8 {[%emt 0:00:16]} 20. dxc5 {[%emt 0:02:14]} Nxc5 {[%emt 0:00:05]} 21. Bxb5 {[%emt 0:00:53]} Rf8 {[%emt 0:00:00]} 22. e5 {[%emt 0:25:44]} dxe5 23. Qxd8 {[%emt 0:01:50]} Rxd8 {[%emt 0:00:25]} 24. Nxe5 {[%emt 0:00:20]} Nd5 {[%emt 0:03:48]} 25. Bc4 {[%emt 0:11:50]} Re8 {[%emt 0:00:39]} 26. Nd3 {[%emt 0:02:14]} Rxe1+ {[%emt 0:00:28]} 27. Nxe1 {[%emt 0:00:04]} Nb6 {[%emt 0:00:14]} 28. Ba2 {[%emt 0:05:53]} Bd5 {[%emt 0:00:39]} 29. Bxd5 {[%emt 0:02:48]} Nxd5 {[%emt 0:00:03]} 30. Ne2 {[%emt 0:01:36]} f5 {[%emt 0:02:23]} 31. g3 {[%emt 0:08:57]} Kf7 {[%emt 0:01:47]} 32. Kg2 {[%emt 0:00:37]} h5 {[%emt 0:01:08]} 33. f4 {[%emt 0:02:06]} Bf6 {[%emt 0:03:13]} 34. Nf3 {[%emt 0:03:55]} Nd3 {[%emt 0:02:49]} 35. b3 {[%emt 0:01:31]} Nc3 {[%emt 0:00:20]} 36. Nfg1 {[%emt 0:02:47]} Nc5 {[%emt 0:00:08]} 37. b4 {[%emt 0:04:34]} Nd3 {[%emt 0:00:04]} 38. Bd2 {[%emt 0:02:23]} Ne4 {[%emt 0:00:19]} 39. Nc1 {[%emt 0:03:00]} Nxc1 {[%emt 0:03:22]} 40. Bxc1 {[%emt 0:00:00]} Be7 {[%emt 0:00:00]} 41. b5 {[%emt 0:01:08]} Bc5 {[%emt 0:00:23]} 42. Nf3 {[%emt 0:11:18]} Nd6 {[%emt 0:01:58]} 43. Ne5+ {[%emt 0:00:28]} Ke6 {[%emt 0:00:06]} 44. Nxg6 {[%emt 0:00:36]} Nxb5 {[%emt 0:00:06]} 45. Ne5 {[%emt 0:00:35]} Bd4 {[%emt 0:00:46]} 46. Nd3 {[%emt 0:00:24]} Nd6 {[%emt 0:00:54]} 47. Bb2 {[%emt 0:00:43]} Bb6 {[%emt 0:01:11]} 48. Kf3 {[%emt 0:00:17]} Ne4 {[%emt 0:02:27]} 49. Bc1 {[%emt 0:02:37]} Bd4 {[%emt 0:00:34]} 50. Nb4 {[%emt 0:01:04]} Bc5 {[%emt 0:07:53]} 51. Nc2 {[%emt 0:01:05]} Kf6 {[%emt 0:04:20]} 52. Be3 {[%emt 0:08:19]} Bxe3 {[%emt 0:01:42]} 53. Nxe3 {[%emt 0:00:12]} Nd2+ {[%emt 0:00:07]} 54. Ke2 {[%emt 0:01:14]} Ne4 {[%emt 0:00:08]} 55. Nf1 {[%emt 0:00:25]} Ke6 {[%emt 0:01:02]} 56. Kf3 {[%emt 0:00:25]} Kf6 {[%emt 0:01:04]} 57. Ke3 {[%emt 0:00:59]} Ke6 {[%emt 0:00:45]} 58. g4 {[%emt 0:05:25]} hxg4 {[%emt 0:00:15]} 59. hxg4 {[%emt 0:00:03]} Kf6 {[%emt 0:00:13]} 60. Kd4 {[%emt 0:01:01]} Nf2 {[%emt 0:00:35]} 61. g5+ {[%emt 0:01:04]} Kg6 {[%emt 0:00:05]} 62. Ng3 {[%emt 0:01:28]} Nh3 {[%emt 0:00:10]} 63. Ke5 {[%emt 0:00:04]} Nxg5 {[%emt 0:00:10]} 64. Nxf5 {[%emt 0:00:04]} Nh3 {[%emt 0:00:25]} 65. Nh4+ {[%emt 0:00:29]} Kh5 {[%emt 0:00:11]} 66. Ng2 {[%emt 0:00:27]} Nxf4 {[%emt 0:00:06]} 67. Nxf4+ 1/2-1/2